000 00589nam a2200205Ia 4500
003 GCL
008 140319s9999 xx 000 0 ara d
020 _a1423802977
040 _aGCL /
_cGCL
082 0 4 _a810.8
_bم ر
100 1 _aمصطفى محمود
245 1 0 _aرائحة الدم /
_cمصطفى محمود
250 _aالرابعة
260 _aالقاهرة :
_bدار المعارف ،
_c1993
300 _a113 ص ؛
_c18سم
650 0 4 _aالادب العربى
650 0 4 _aالقصص القصيرة
650 0 4 _aالقصة العربية
942 _2ddc
_cBK
999 _c48770
_d48770